| 000 | 01470nam a22003257a 4500 | ||
|---|---|---|---|
| 005 | 20120112140917.0 | ||
| 008 | 120112t xxu||||| |||| 00| 0 eng d | ||
| 010 | _aENG-104703 | ||
| 020 |
_a9781259005343 _c525.00 |
||
| 020 |
_a1259005348 _c525.00 |
||
| 035 | _aEN-88236 | ||
| 037 | _bDBAD/PUB | ||
| 040 |
_aDPL _bEng |
||
| 082 | 0 | 0 |
_a629.25060288 _222 |
| 100 | 1 |
_aDempsey, Paul _q(Paul K.) _939052 |
|
| 245 | 1 | 0 |
_aTroubleshooting & repairing diesel engines / _cby Paul Dempsey |
| 246 | 3 | _aTroubleshooting and repairing diesel engines | |
| 250 | _a4th ed | ||
| 260 |
_aNew Delhi _bTata McGraw Hill _c2011 |
||
| 270 |
_a7 West Patel Nagar _bNew Delhi _e110001 |
||
| 300 |
_axiii, 390 p. : _bill. _c24cm(pbk) |
||
| 500 | _aIncludes index | ||
| 650 | 0 |
_aDiesel motor _xMaintenance and repair. _939053 |
|
| 856 | 4 | 2 |
_3Contributor biographical information _uhttp://www.loc.gov/catdir/enhancements/fy0916/2009419084-b.html |
| 856 | 4 | 2 |
_3Publisher description _uhttp://www.loc.gov/catdir/enhancements/fy0916/2009419084-d.html |
| 856 | 4 | 1 |
_3Table of contents only _uhttp://www.loc.gov/catdir/enhancements/fy0916/2009419084-t.html |
| 942 |
_2ddc _cEN _h629.25060288 _mDEM |
||
| 999 |
_c60786 _d60786 |
||